000 00408nam a2200157Ia 4500
005 20250626030632.0
008 240331s9999 xx 000 0 und d
020 _a9552009456
082 _bWIJ
_a360
100 _aWijesinghe.D
245 0 _aSamajaabhiwardenaya karya praweshaya
260 _aColombo
_bS. Godage & Brothers
_c1993
300 _a156 p .,
500 _aIntroduction to Social Work
942 _cL
999 _c5086
_d5086